| 000 | 00550nam a2200145Ia 4500 | ||
|---|---|---|---|
| 999 |
_c14959 _d14959 |
||
| 082 | _aRR 323.03 HUM- | ||
| 245 | 0 | _aHuman rights and the United Nations | |
| 260 |
_aNew Delhi _bDiscovery Publishing _c2001 |
||
| 440 | _aInternational encyclopaedia of human rights; 3 | ||
| 500 | _acontents: 2 vols (vol 1Introduction by Boutros - Boutros ghail, secretary - general of the United Nationsv, 399), (v 2 Chronology and documents v, 790) | ||
| 504 | _aincludes index | ||
| 650 | _aHuman rights | ||
| 700 | _aBhaskara Rao, Digumarti | ||
| 942 |
_cBK _2ddc |
||